German Words for Animals - Statistics

General Stats
  • This quiz has been taken 45 times
  • The average score is 13 of 22
Answer Stats
English Answer % Correct
Dog Hund
97%
Fish Fisch
92%
Cat Katze
85%
Horse Pferd
85%
Bear Bär
82%
Mouse Maus
79%
Animal Tier
74%
Bird Vogel
74%
Elephant Elefant
72%
Lion Löwe
67%
Shark Haifisch
59%
Fox Fuchs
56%
Whale Wal
54%
Eagle Adler
49%
Deer Hirsch/Reh
38%
Kangaroo Känguru
36%
Sloth Faultier
33%
Skunk Stinktier
31%
Octopus/Squid Tintenfisch
31%
Lizard Echse
28%
Hummingbird Kolibri
23%
Vulture Geier
18%
No matching quizzes found
Score Distribution
Percent of People with Each Score
Percentile by Number Answered
Your Score History
You have not taken this quiz